000 00266nam a2200085Ia 4500
008 170620s9999 xx 000 0 und d
100 _aSharma- R. A.
245 0 _aEssentials of Educational Technology- Managing Teaching Learning
260 _bMeerut- International Publishing House
260 _c2004
999 _c23939
_d23939